000 00749pam a2200241 a 4500
001 1998771
005 20180221045439.0
008 900613s1991 njua b 001 0 eng
010 _a 90041749
020 _a013488602X
040 _aDLC
_cDLC
_dDLC
041 _aeng
043 _an-us---
080 _a370 1 ELI
082 0 0 _a370 1 ELI
_220
100 1 _a48
101 _aEDU
245 1 0 _aIntroduction to the foundations of education /
_cArthur K. Ellis, John J. Cogan, Kenneth R. Howey.
504 _aIncludes bibliographical references and index.
906 _a7
_bcbc
_corignew
_d1
_eocip
_f19
_gy-gencatlg
942 _2ddc
_cBK
999 _c43025
_d43025